Personajes de dibujos animados #5 - Estadísticas

Estadísticas generales
  • Esta prueba ha sido intentada 643 veces
  • La puntuación promedio es 13 de 24
Estadísticas de respuestas
Imagen Respuesta % Correcto
Winnie the Pooh
94%
Papá Pitufo
91%
Marge
90%
Botas
86%
Panda
85%
Candace
83%
Po
75%
Ned Flanders
72%
Morty
71%
Milhouse
70%
Vegetta
68%
Rico
65%
Pizza Steve
64%
Marceline
44%
Mabel
42%
Bloom
41%
Musa
39%
Mazinger Z
29%
Chris
26%
Jeremie
23%
Odd
21%
Katara
17%
Trixie
17%
Sokka
16%
No se encontraron pruebas coincidentes
Distribución de puntuación
Porcentaje de gente con cada puntuación
Porcentaje por número respondido
Historial de tus puntuaciones
No has intentado esta prueba.